| 000 | 00000nam##2200000za#4500 |
| 001 | 9.685796 |
| 003 | CaOODSP |
| 005 | 20210624230239 |
| 007 | cr ||||||||||| |
| 008 | 150407|2000||||xxc|||||o f|0| 0 eng|d |
| 020 | |a0-662-29179-4 |
| 040 | |aCaOODSP|beng |
| 043 | |an-cn--- |
| 086 | 1 |aSF31-47/2-2000E-IN |
| 110 | 1 |aCanada. |bOffice of the Commissioner of Official Languages. |
| 245 | 10|aOfficial languages in the Canadian sports system. Volume 2, : |h[electronic resource]|bAthlete survey - compilation of responses |
| 260 | |aOttawa - Ontario : |bOffice of the Commissioner of Official Languages |cc2000. |
| 300 | |a28p.|btables |
| 500 | |aIncorrect catalogue number (SF31-48/2000) and ISBN (0-662-64996-6) copied in this electronic publication. |
| 590 | |a12-16-Supp|b2012-04-17 |
| 775 | 08|tLes langues officielles dans le système sportif canadien. Volume 2, : |w(CaOODSP)9.630382 |
| 776 | 0#|tOfficial languages in the Canadian sport system : |w(CaOODSP)9.661885 |
| 776 | 0#|tLangues officielles dans le système sportif canadien : |w(CaOODSP)9.661886 |
| 856 | 40|ahttp://publications.gc.ca|qPDF|s389 KB|uhttps://publications.gc.ca/collections/Collection/SF31-48-2000E.pdf |